The Jonathan spirit : (Record no. 34211)
[ view plain ]
| 000 -LEADER | |
|---|---|
| fixed length control field | 00679nam a22002297a 4500 |
| 008 - FIXED-LENGTH DATA ELEMENTS--GENERAL INFORMATION | |
| fixed length control field | 260327b |||||||| |||| 00| 0 eng d |
| 017 ## - LEGAL DEPOSIT NUMBER | |
| Legal deposit number | LD.8110 |
| 018 ## - LEGAL DEPOSIT YEAR | |
| LDD Year | 2025 |
| 020 ## - INTERNATIONAL STANDARD BOOK NUMBER | |
| ISBN | 9789787959459 |
| 040 ## - CATALOGING SOURCE | |
| Original cataloging agency | NLN |
| Language of cataloging | English |
| Description conventions | AACR2 |
| 100 ## - MAIN ENTRY--AUTHOR | |
| Author | AGABA, Romanus |
| Relator term | aut |
| 245 ## - TITLE STATEMENT | |
| Title | The Jonathan spirit : |
| Remainder of title | the passion for taking and conquering giants / |
| Statement of responsibility, etc | Romanus Agaba |
| 260 ## - PUBLICATION, DISTRIBUTION, ETC. (IMPRINT) | |
| Place of publication | [S.l.] : |
| Name of publisher | Upright publishers, |
| Date of publication | 2024 |
| 300 ## - COLLATION | |
| Pagination | iv, 80p. ; |
| Other physical details | 14cm. |
| 563 ## - BINDING INFORMATION | |
| Binding note | (pbk.) |
| 650 ## - TRACINGS | |
| Main Subject | Christian life |
| Subdivision (1st) | Biblical teaching |
| 650 ## - TRACINGS | |
| Main Subject | Jonathan, son of Saul |
| 942 ## - ADDED ENTRY ELEMENTS (KOHA) | |
| Item type | Books |
| Suppress in OPAC | No |
| 050 ## - LIBRARY OF CONGRESS CALL NUMBER | |
| Classification number | BS680.C47 |
| Item number | A259 |
| 082 ## - DEWEY DECIMAL CLASSIFICATION NUMBER | |
| Classification number | 248.4 |
| Source of classification or shelving scheme | Not for loan | Home library | Current library | Date acquired | Mode of acquisition | Accession No. | Full call number | Barcode. | Copy number | Koha item type |
|---|---|---|---|---|---|---|---|---|---|---|
| Library of Congress Classification | GOMBE BRANCH | National Library of Nigeria | 27/03/2026 | Legal deposit | 466426 | BS680.C47 A259 | 466426 | 1 | Books | |
| Library of Congress Classification | ILORIN BRANCH | National Library of Nigeria | 27/03/2026 | Legal deposit | 466425 | BS680.C47 A259 | 466425 | 1 | Books | |
| Library of Congress Classification | LOKOJA BRANCH | National Library of Nigeria | 27/03/2026 | Legal deposit | 466424 | BS680.C47 A259 | 466424 | 1 | Books |
